Európsky parlament na všestrannú podporu ZP
Správa Europarlamentu o situácii zdravotne postihnutých ľudí v EÚ. Zvýšenie miery zamestnanosti a pracovnej aktivity ZP ako priorita. Iniciatívna správa o situácii ZP v EÚ - štyri priority. Nediskriminácia a presadzovanie ľudských práv.
Salvato in:
| Autore principale: | |
|---|---|
| Natura: | Capitolo di libro |
| Lingua: | slovacco |
| Soggetti: | |
| Tags: |
Nessun Tag, puoi essere il primo ad aggiungerne!!
|
MARC
| LEADER | 00000naa$a2200000$$$4500 | ||
|---|---|---|---|
| 001 | 0070279 | ||
| 005 | 20231120110211.4 | ||
| 041 | 0 | |a slo | |
| 044 | |a SK | ||
| 245 | 1 | 0 | |a Európsky parlament na všestrannú podporu ZP |c Jaroslav Bartl |
| 520 | |a Správa Europarlamentu o situácii zdravotne postihnutých ľudí v EÚ. Zvýšenie miery zamestnanosti a pracovnej aktivity ZP ako priorita. Iniciatívna správa o situácii ZP v EÚ - štyri priority. Nediskriminácia a presadzovanie ľudských práv. | ||
| 610 | 2 | 0 | |a invalidi |
| 610 | 2 | 0 | |a práva ľudské |
| 610 | 2 | 0 | |a zamestnanosť |
| 610 | 2 | 0 | |a Európsky parlament |
| 610 | 2 | 0 | |a Európska únia |
| 100 | 1 | |a Bartl, Jaroslav | |